Sims v Dacorum BC (Record no. 84562)

MARC details
000 -LEADER
fixed length control field 01327cab a22002415a 4500
001 - CONTROL NUMBER
control field L158321
008 - FIXED-LENGTH DATA ELEMENTS--GENERAL INFORMATION
fixed length control field 141208e2014 xxk 000 0 eng d
035 ## - SYSTEM CONTROL NUMBER
System control number (Sirsi) u158321
041 0# - LANGUAGE CODE
Language code of text/sound track or separate title eng
245 00 - TITLE STATEMENT
Title Sims v Dacorum BC
Medium [electronic resource]
260 ## - PUBLICATION, DISTRIBUTION, ETC.
Date of publication, distribution, etc. 2014
520 ## - SUMMARY, ETC.
Summary, etc. [2014] UKSC 63, 12 November 2014 Appellant S's wife who held a joint tenancy with her husband served a notice to quit on landlord D who following "Hammersmith and Fulham LBC v Monk" [1992] AC 478 held that the tenancy had come to an end and S who occupied the property must leave. S appealed on the grounds that his rights for respect for his home under Article 8 of the European Convention on Human Rights and/or peacefully to enjoy his possessions under Article 1 of the First Protocol to the Convention (AiP1) would be infringed. S's claims failed. Appeal "dismissed".
590 ## - LOCAL NOTE (RLIN)
Local note KA
650 24 - SUBJECT ADDED ENTRY--TOPICAL TERM
Topical term or geographic name entry element SIMS V DACORUM BC
650 24 - SUBJECT ADDED ENTRY--TOPICAL TERM
Topical term or geographic name entry element HAMMERSMITH AND FULHAM LBC V MONK
650 24 - SUBJECT ADDED ENTRY--TOPICAL TERM
Topical term or geographic name entry element JOINT TENANCY
650 24 - SUBJECT ADDED ENTRY--TOPICAL TERM
Topical term or geographic name entry element EUROPEAN CONVENTION ON HUMAN RIGHTS
651 #4 - SUBJECT ADDED ENTRY--GEOGRAPHIC NAME
Geographic name England and Wales
Chronological subdivision 1543-
690 ## - LOCAL SUBJECT ADDED ENTRY--TOPICAL TERM (OCLC, RLIN)
Topical term or geographic name as entry element Landlord and tenant
9 (RLIN) 6252
690 ## - LOCAL SUBJECT ADDED ENTRY--TOPICAL TERM (OCLC, RLIN)
Topical term or geographic name as entry element Residential property
9 (RLIN) 6266
856 40 - ELECTRONIC LOCATION AND ACCESS
Uniform Resource Identifier <a href="https://www.supremecourt.uk/decided-cases/docs/UKSC_2013_0264_Judgment.pdf">https://www.supremecourt.uk/decided-cases/docs/UKSC_2013_0264_Judgment.pdf</a>
Public note View the law report free of charge at www.supremecourt.uk
942 ## - ADDED ENTRY ELEMENTS (KOHA)
Suppress in OPAC 0
Holdings
Withdrawn status Lost status Source of classification or shelving scheme Damaged status Not for loan Home library Current library Shelving location Date acquired Total Checkouts Full call number Barcode Date last seen Copy number Price effective from Koha item type
    Dewey Decimal Classification     London London Online 08/12/2014   ONLINE PUBLICATION 158321-1001 06/08/2019 1 06/08/2019 Law report